000
00281nam a2200121Ia 4500
008
190216s9999||||xx |||||||||||||| ||und||
100
_a
Sumangala
245
0
_a
Aksha Hridayam
260
_b
Poorna Pubs Kozhikode
_c
1989
300
_a
100p
650
_a
Malayalam Novel
942
_c
BK
999
_c
26496
_d
26496